1M Cities Starting with V - Statistics

General Stats
  • This quiz has been taken 298 times
  • The average score is 7 of 12
Answer Stats
City Country % Correct
Vancouver Canada
97%
Vienna Austria
96%
Valencia Spain
93%
Valparaiso Chile
65%
Volgograd Russia
64%
Varanasi India
56%
Virginia Beach United States
53%
Voronezh Russia
43%
Vitória Brazil
40%
Vadodara India
34%
Visakhapatnam India
23%
Vijayawada India
20%
No matching quizzes found
Score Distribution
Percent of People with Each Score
Percentile by Number Answered
Your Score History
You have not taken this quiz